Disertación sobre la naturaleza y aplicación de las rentas y bienes eclesiásticos y sobre la autoridad a que se hallan sujetos en cuanto a su creación, aumento, subsistencia o supresión / (Record no. 16257)
[ view plain ]
| 000 -CABECERA | |
|---|---|
| campo de control de longitud fija | 00796nam a2200205 a 4500 |
| 005 - FECHA Y HORA DE LA ÚLTIMA TRANSACCIÓN | |
| campo de control | 20210219150541.0 |
| 008 - ELEMENTOS DE LONGITUD FIJA--INFORMACIÓN GENERAL | |
| campo de control de longitud fija | 991125s1833 mx 000 0 spa u |
| 035 ## - NÚMERO DE CONTROL DEL SISTEMA | |
| Número de control de sistema | UPN01000016257 |
| 049 ## - COLECCIÓN | |
| Colección | CE |
| 050 #4 - SIGNATURA TOPOGRÁFICA DE LA BIBLIOTECA DEL CONGRESO | |
| Número de clasificación | BV775 |
| Número de documento/Ítem | M6.3 |
| 100 1# - ASIENTO PRINCIPAL--NOMBRE PERSONAL | |
| Nombre de persona | Mora, José María Luis, |
| Fechas asociadas al nombre | 1794-1850 |
| 245 10 - MENCIÓN DE TÍTULO | |
| Título | Disertación sobre la naturaleza y aplicación de las rentas y bienes eclesiásticos y sobre la autoridad a que se hallan sujetos en cuanto a su creación, aumento, subsistencia o supresión / |
| Mención de responsabilidad, etc. | José María Luis Mora ; con introd. Jesús Cast. |
| 260 ## - PUBLICACIÓN, DISTRIBUCIÓN, ETC. | |
| Lugar de publicación, distribución, etc. | México : |
| Nombre del editor, distribuidor, etc. | SHCP, |
| Fecha de publicación, distribución, etc. | 1833. |
| 300 ## - DESCRIPCIÓN FÍSICA | |
| Extensión | 87 p. |
| 440 #0 - MENCIÓN DE SERIE/ASIENTO SECUNDARIO--TÍTULO | |
| Título | Cuadernos del boletín bibliográfico |
| 500 ## - NOTA GENERAL | |
| Nota general | "Reimpresión facsímil" |
| 500 ## - NOTA GENERAL | |
| Nota general | Datos tomados de la cubierta |
| 610 24 - ASIENTO SECUNDARIO DE MATERIA - NOMBRE CORPORATIVO | |
| Nombre de entidad corporativa o nombre de jurisdicción como elemento de entrada | IGLESIA CATOLICA - |
| Subdivisión general | FINANZAS |
| 905 ## - TIPO DE MATERIAL | |
| Tipo de material | Libro |
| Estado de retiro | Estado de pérdida | Fuente del sistema de clasificación o colocación | Estado dañado | No para préstamo | Código de colección | Localización permanente | Ubicación/localización actual | Ubicación en estantería | Total de préstamos | Clasificación | Código de barras | Fecha visto por última vez | Número de copia | Tipo de ítem Koha |
|---|---|---|---|---|---|---|---|---|---|---|---|---|---|---|
| Library of Congress Classification | Coleccion Esp. | Colección Especial | Bib. Gregorio Torres Quintero | Bib. Gregorio Torres Quintero | Colección Especial | BV775 M6.3 | 14076 | 31/12/2020 | 1 | Libro |
